[Event "Pardubice Open A"]
[Site "?"]
[Date "2015.07.24"]
[Round "1.28"]
[White "THANNHEISER, Thomas"]
[Black "LALIC, Bogdan"]
[Result "1/2-1/2"]
[WhiteElo "2232"]
[BlackElo "2480"]
[PlyCount "22"]
[EventDate "2015.??.??"]
[WhiteClock "1:20:48"]
[BlackClock "1:28:07"]

1. e4 c5 2. Nf3 d6 3. d4 cxd4 4. Nxd4 Nf6 5. Nc3 e6 6. Bc4 Be7 7. Be3 O-O 8.
Bb3 Na6 9. f4 Nc5 10. Qf3 a6 11. O-O-O Qc7 1/2-1/2

[Event "Pardubice Open A"]
[Site "?"]
[Date "2015.07.24"]
[Round "1.29"]
[White "NAKAR, Eylon"]
[Black "DVORAK, Adam"]
[Result "1/2-1/2"]
[WhiteElo "2479"]
[BlackElo "2230"]
[PlyCount "148"]
[EventDate "2015.??.??"]
[WhiteClock "0:01:03"]
[BlackClock "0:01:23"]

1. e4 c5 2. Nf3 e6 3. d4 cxd4 4. Nxd4 a6 5. c4 Nf6 6. Nc3 Qc7 7. Be3 d6 8. Be2
Nbd7 9. O-O b6 10. f3 Bb7 11. Qd2 Rc8 12. Rfc1 Qb8 13. a4 Be7 14. b4 Ne5 15.
Nd1 O-O 16. a5 bxa5 17. Rxa5 d5 18. exd5 exd5 19. Nf5 Bd8 20. Bd4 Ng6 21. Nde3
dxc4 22. Bxc4 Qf4 23. Rc5 Bc7 24. Nf1 Qxd2 25. Nxd2 Bf4 26. Rc2 Nd7 27. Rxc8
Rxc8 28. Ne4 Bxe4 29. fxe4 Rb8 30. Bxa6 Rxb4 31. Rc8+ Ndf8 32. Bc4 Rb1+ 33. Kf2
Bxh2 34. Bxg7 Rb8 35. Rc6 Be5 36. Bh6 Nd7 37. Be3 Nf6 38. Kf3 Kf8 39. Ra6 Rc8
40. Ba2 Ke8 41. Ra7 Rc7 42. Ra8+ Kd7 43. Bxf7 Rc3 44. Ra6 Nf8 45. g4 Rc6 46.
Ra8 Rc8 47. Ra5 Bc3 48. Ra7+ Rc7 49. Ra8 Rc8 50. Ra7+ Rc7 51. Rxc7+ Kxc7 52.
Bf4+ Kd7 53. e5 Ne8 54. Ke4 Nc7 55. Bh6 Nce6 56. Kd5 Bb4 57. Bg8 Ba3 58. Bxf8
Nxf8 59. e6+ Kd8 60. Nd4 Ke7 61. g5 Ng6 62. Bxh7 Nf4+ 63. Ke5 Bb2 64. Kxf4 Bxd4
65. Kf5 Be3 66. Bg8 Kf8 67. Bf7 Ke7 68. Kg6 Bd2 69. Kh5 Bc3 70. Bg8 Bd2 71. g6
Bc3 72. Kh6 Kf8 73. Kg5 Bg7 74. Kf5 Ke7 1/2-1/2

[Event "Pardubice Open A"]
[Site "?"]
[Date "2015.07.24"]
[Round "1.30"]
[White "CUHRA, Martin"]
[Black "TESKE, Henrik"]
[Result "0-1"]
[WhiteElo "2229"]
[BlackElo "2475"]
[PlyCount "60"]
[EventDate "2015.??.??"]
[WhiteClock "0:16:08"]
[BlackClock "0:35:18"]

1. e4 d5 2. exd5 Nf6 3. d4 Bg4 4. f3 Bf5 5. Bb5+ Nbd7 6. Ne2 Nxd5 7. a3 e6 8.
c4 N5b6 9. c5 c6 10. Bd3 Bxd3 11. Qxd3 Nxc5 12. Qc2 Ncd7 13. Nbc3 Rc8 14. O-O
Be7 15. Kh1 O-O 16. Ng3 Bf6 17. Rd1 Nd5 18. Nce4 Qe7 19. Qb3 Rc7 20. Nh5 h6 21.
f4 g6 22. f5 exf5 23. Nhxf6+ N7xf6 24. Nxf6+ Qxf6 25. Bxh6 Re8 26. Qg3 f4 27.
Qg4 Ne3 28. Qxf4 Qxf4 29. Bxf4 Nxd1 30. Bxc7 Re1# 0-1

[Event "Pardubice Open A"]
[Site "?"]
[Date "2015.07.24"]
[Round "1.31"]
[White "YUFFA, Daniil"]
[Black "DRNOVSEK, Gal"]
[Result "1-0"]
[WhiteElo "2474"]
[BlackElo "2228"]
[PlyCount "91"]
[EventDate "2015.??.??"]
[WhiteClock "0:36:31"]
[BlackClock "0:24:56"]

1. Nf3 d5 2. g3 Nf6 3. Bg2 e6 4. O-O Be7 5. d3 O-O 6. Nbd2 b6 7. e4 Bb7 8. e5
Nfd7 9. Re1 c5 10. h4 Nc6 11. Nf1 Re8 12. Bf4 f6 13. exf6 Bxf6 14. c3 e5 15.
Bc1 Nf8 16. Ne3 Qd7 17. Ng5 Ne7 18. Ng4 Nf5 19. Bh3 Qd6 20. Qf3 Nh6 21. Ne3
Rad8 22. Bg2 Qc7 23. Bd2 Ba8 24. Qd1 Kh8 25. Qa4 Bc6 26. Qb3 Qd7 27. Bh3 Qc7
28. c4 dxc4 29. Nxc4 Bd5 30. Qc2 Nf7 31. Ne4 Ne6 32. Be3 Nd4 33. Bxd4 exd4 34.
Bg2 Bxc4 35. Qxc4 Ne5 36. Qb5 Re7 37. Rac1 Nf7 38. b4 Nd6 39. Nxd6 Qxd6 40.
Rxe7 Bxe7 41. bxc5 bxc5 42. Re1 Bf8 43. Qb7 Qd7 44. Qxd7 Rxd7 45. Re8 Kg8 46.
Bh3 1-0

[Event "Pardubice Open A"]
[Site "?"]
[Date "2015.07.24"]
[Round "1.32"]
[White "KARAS, Marek"]
[Black "NEUMAN, Petr"]
[Result "0-1"]
[WhiteElo "2227"]
[BlackElo "2470"]
[PlyCount "104"]
[EventDate "2015.??.??"]
[WhiteClock "0:10:46"]
[BlackClock "0:15:39"]

1. d4 d6 2. Nf3 Nf6 3. c4 g6 4. Nc3 Bg7 5. g3 O-O 6. Bg2 c6 7. O-O Qa5 8. e4
Bg4 9. h3 Bxf3 10. Bxf3 e5 11. d5 cxd5 12. cxd5 Nbd7 13. Be3 Rfc8 14. Qd2 a6
15. Rfc1 h5 16. Rab1 Qd8 17. a4 Kh7 18. b4 Rc4 19. Be2 Nxe4 20. Nxe4 Rxe4 21.
Bf3 Rxe3 22. fxe3 f5 23. Qf2 e4 24. Be2 Nb6 25. b5 a5 26. g4 fxg4 27. hxg4 Qg5
28. Qf4 Qxf4 29. exf4 Nxa4 30. gxh5 Nc3 31. hxg6+ Kxg6 32. Rb2 a4 33. Bc4 Rc8
34. Rg2+ Kf5 35. Rxg7 Ne2+ 36. Bxe2 Rxc1+ 37. Kf2 a3 38. Rxb7 a2 39. Rf7+ Kg6
40. Ra7 a1=Q 41. Rxa1 Rxa1 42. Bg4 Ra3 43. Bd7 Rb3 44. Ke2 Kf6 45. Kf2 Ke7 46.
Bf5 Rf3+ 47. Ke2 Rxf4 48. Bh7 Rh4 49. Bg6 Kf6 50. Be8 Ke5 51. Bc6 Rh2+ 52. Ke3
Rb2 0-1

[Event "Pardubice Open A"]
[Site "?"]
[Date "2015.07.24"]
[Round "1.33"]
[White "GUTMAN, Gennadi"]
[Black "BEREZOVICS, Alexander"]
[Result "1-0"]
[WhiteElo "2468"]
[BlackElo "2226"]
[PlyCount "53"]
[EventDate "2015.??.??"]
[WhiteClock "0:26:28"]
[BlackClock "0:02:00"]

1. d4 d6 2. c4 e5 3. Nf3 e4 4. Ng5 f5 5. Nc3 Be7 6. Nh3 Nf6 7. Bg5 c6 8. Nf4
Na6 9. e3 O-O 10. h4 Nc7 11. h5 Ne6 12. Nxe6 Bxe6 13. Be2 d5 14. c5 b6 15. b4
Nd7 16. Bf4 g5 17. hxg6 hxg6 18. Qa4 b5 19. Qa6 Rc8 20. Nxb5 g5 21. Be5 Nxe5
22. dxe5 Qd7 23. Nd4 Kg7 24. Bb5 Rh8 25. Rxh8 Rxh8 26. Bxc6 Qc8 27. Bb7 1-0

[Event "Pardubice Open A"]
[Site "?"]
[Date "2015.07.24"]
[Round "1.34"]
[White "MINKO, Vladimir"]
[Black "NARAYANAN, Srinath"]
[Result "0-1"]
[WhiteElo "2226"]
[BlackElo "2464"]
[PlyCount "72"]
[EventDate "2015.??.??"]
[WhiteClock "0:10:56"]
[BlackClock "0:53:39"]

1. d4 Nf6 2. c4 c5 3. d5 g6 4. Nc3 Bg7 5. e4 O-O 6. Nge2 e6 7. Ng3 exd5 8. cxd5
h5 9. Be2 Re8 10. f3 d6 11. O-O Nbd7 12. Be3 Ne5 13. Qd2 Bd7 14. a4 a6 15. a5
b5 16. axb6 Qxb6 17. b4 Qxb4 18. Rfb1 Nc4 19. Rxb4 Nxd2 20. Rb6 Nfxe4 21. fxe4
Bxc3 22. Rc1 Ba5 23. Rxd6 Bb5 24. Ra1 Bxe2 25. Rxa5 Nc4 26. Rdxa6 Nxa5 27. Rxa8
Rxa8 28. Nxe2 Nb3 29. Nc3 Nd4 30. e5 Ra3 31. d6 Rxc3 32. Bxd4 Rc1+ 33. Kf2 Kf8
34. Be3 Rc2+ 35. Kf3 Ke8 36. h4 c4 0-1

[Event "Pardubice Open A"]
[Site "?"]
[Date "2015.07.24"]
[Round "1.35"]
[White "BRYZGALIN, Kirill"]
[Black "SOURAL, Jan"]
[Result "1-0"]
[WhiteElo "2459"]
[BlackElo "2225"]
[PlyCount "81"]
[EventDate "2015.??.??"]
[WhiteClock "0:46:15"]
[BlackClock "0:01:12"]

1. d4 Nf6 2. Nf3 g6 3. Nbd2 Bg7 4. e4 d6 5. Bd3 O-O 6. O-O Nc6 7. c3 e5 8. h3
exd4 9. cxd4 Nh5 10. Nb3 a5 11. Bg5 Bf6 12. Be3 Re8 13. a3 Bg7 14. Rc1 a4 15.
Nbd2 d5 16. e5 Bf8 17. Nh2 f5 18. exf6 Qxf6 19. Ng4 Bxg4 20. hxg4 Ng7 21. Nf3
Bd6 22. Bb5 Re4 23. Bxa4 Rxa4 24. Qxa4 Rxg4 25. Qd1 Nf5 26. Re1 Nh4 27. Nxh4
Qxh4 28. Qf3 Qh2+ 29. Kf1 Re4 30. Rcd1 Qh1+ 31. Ke2 Qh4 32. g3 Qh3 33. Kd3 Qd7
34. Kc2 Na5 35. Bc1 Rxe1 36. Rxe1 Qa4+ 37. b3 Qc6+ 38. Kb1 Kg7 39. Bg5 Qb5 40.
Qf6+ Kg8 41. Qe6+ 1-0

[Event "Pardubice Open A"]
[Site "?"]
[Date "2015.07.24"]
[Round "1.36"]
[White "LORSCHEID, Gerhard"]
[Black "JANSA, Vlastimil"]
[Result "1/2-1/2"]
[WhiteElo "2224"]
[BlackElo "2457"]
[PlyCount "101"]
[EventDate "2015.??.??"]
[WhiteClock "0:20:35"]
[BlackClock "0:15:39"]

1. d4 Nf6 2. c4 g6 3. Nc3 d5 4. Bg5 Ne4 5. Bh4 c5 6. cxd5 Nxc3 7. bxc3 Qxd5 8.
e3 Nc6 9. Nf3 cxd4 10. cxd4 e5 11. Be2 Qa5+ 12. Kf1 Bg7 13. dxe5 O-O 14. Bf6
Nxe5 15. Bxg7 Kxg7 16. Nd4 Rd8 17. Qe1 Qa3 18. Qc1 Qxc1+ 19. Rxc1 Bd7 20. f3
Nc6 21. Nxc6 Bxc6 22. Rc2 Rd5 23. Kf2 Rad8 24. Rb1 f5 25. Rbb2 Kf6 26. Rc4 Ra5
27. g4 Rdd5 28. gxf5 Rxf5 29. f4 Rfc5 30. Rxc5 Rxc5 31. Bf3 Bxf3 32. Kxf3 b5
33. Ke4 Ke6 34. Kd4 Rc4+ 35. Kd3 a6 36. e4 Ra4 37. Rf2 a5 38. Ke3 Rc4 39. Kd3
Kd6 40. Rb2 Rc5 41. Kd4 b4 42. Rb3 Kc6 43. a3 Kb5 44. axb4 axb4 45. Rf3 Rc4+
46. Kd5 Rc3 47. Rf1 b3 48. f5 gxf5 49. exf5 b2 50. Rb1 Rc2 51. f6 1/2-1/2

[Event "Pardubice Open A"]
[Site "?"]
[Date "2015.07.24"]
[Round "1.37"]
[White "BIOLEK, Richard Jr"]
[Black "FOLK, Petr"]
[Result "1-0"]
[WhiteElo "2457"]
[BlackElo "2217"]
[PlyCount "71"]
[EventDate "2015.??.??"]
[WhiteClock "0:04:21"]
[BlackClock "0:03:48"]

1. d4 Nf6 2. c4 g6 3. Nc3 Bg7 4. e4 d6 5. Nf3 O-O 6. Be2 e5 7. O-O Nc6 8. d5
Ne7 9. b4 a5 10. Ba3 b6 11. bxa5 Rxa5 12. Bb4 Ra8 13. a4 Re8 14. Nd2 c5 15. Ba3
Rf8 16. Bc1 Bh6 17. Nb3 Bxc1 18. Nxc1 Ne8 19. f4 f6 20. Nd3 Ng7 21. Rf2 Ba6 22.
Qb3 g5 23. fxg5 fxg5 24. Rxf8+ Kxf8 25. Rb1 Ng6 26. g3 Ne8 27. Nf2 Nf6 28. Qxb6
Qxb6 29. Rxb6 Ke7 30. Nfd1 Kd7 31. Ne3 Ne7 32. Rb1 Kc7 33. Rf1 Rf8 34. Nb5+ Kd7
35. Bf3 Ra8 36. Bg2 1-0

[Event "Pardubice Open A"]
[Site "?"]
[Date "2015.07.24"]
[Round "1.38"]
[White "MONIN, Nikolay"]
[Black "MESKOVS, Nikita"]
[Result "0-1"]
[WhiteElo "2215"]
[BlackElo "2457"]
[PlyCount "110"]
[EventDate "2015.??.??"]
[WhiteClock "0:00:55"]
[BlackClock "0:36:49"]

1. Nf3 Nf6 2. c4 e6 3. g3 c5 4. Bg2 Be7 5. O-O O-O 6. Nc3 a6 7. b3 Qc7 8. d4
cxd4 9. Qxd4 Nc6 10. Qd2 Rb8 11. Bb2 b5 12. cxb5 axb5 13. Rac1 Qa7 14. Ng5 h6
15. Nge4 Ne8 16. g4 d5 17. Ng3 Bd7 18. Kh1 Nf6 19. h3 Rfd8 20. f4 Bc5 21. Nd1
Bd4 22. Bxd4 Qxd4 23. Qxd4 Nxd4 24. e3 Nc6 25. e4 Ra8 26. g5 hxg5 27. fxg5 Nxe4
28. Nxe4 dxe4 29. Bxe4 Ra6 30. Nc3 Nd4 31. Rcd1 e5 32. Rf2 Kf8 33. Kh2 Rd6 34.
Kg2 Be6 35. h4 Ke7 36. Rdd2 Rh8 37. Kg3 f5 38. gxf6+ gxf6 39. Bg6 Rg8 40. h5
Bf7 41. Ne4 Bxg6 42. Nxd6 Be4+ 43. Kh4 Kxd6 44. Rxf6+ Kc5 45. Rdf2 Bd3 46. Rf8
Rg1 47. h6 Rh1+ 48. Kg3 Rxh6 49. R2f6 Rxf6 50. Rxf6 e4 51. Kf4 Nc2 52. Re6 Kd4
53. a4 b4 54. a5 e3 55. a6 Bxa6 0-1

[Event "Pardubice Open A"]
[Site "?"]
[Date "2015.07.24"]
[Round "1.39"]
[White "VALSECCHI, Alessio"]
[Black "VARITSKI, Igor"]
[Result "1-0"]
[WhiteElo "2457"]
[BlackElo "2214"]
[PlyCount "125"]
[EventDate "2015.??.??"]
[WhiteClock "0:06:22"]
[BlackClock "0:09:18"]

1. e4 c6 2. Nc3 d5 3. Nf3 Bg4 4. h3 Bh5 5. exd5 cxd5 6. Bb5+ Nc6 7. g4 Bg6 8.
Ne5 Rc8 9. h4 f6 10. Nxg6 hxg6 11. d4 e6 12. Qd3 Kf7 13. Bxc6 Rxc6 14. Bd2 Bb4
15. Ne2 Bxd2+ 16. Qxd2 Ne7 17. O-O-O Ra6 18. Kb1 Qa5 19. Qxa5 Rxa5 20. Nf4 Ra6
21. Rde1 Rc6 22. Rh3 Rd6 23. c3 b6 24. Nd3 g5 25. h5 g6 26. f4 gxf4 27. Nxf4
gxh5 28. gxh5 Nf5 29. Rh2 Rh6 30. Rg2 Nh4 31. Rf2 Nf5 32. Rg1 Rh7 33. Nxe6 Rxh5
34. Nf4 Rg5 35. Rh1 Rd8 36. a4 a5 37. Re1 Rd7 38. Rh1 Rd6 39. Rf3 Rd8 40. Ka2
Rd6 41. Rh8 Ne7 42. Re3 Ng8 43. Kb3 Kg7 44. Reh3 Kf8 45. R8h7 Rg7 46. Rh8 Rg4
47. Nh5 Rg6 48. Rf3 Kf7 49. Rh7+ Kf8 50. Rb7 Rg5 51. Nf4 Rg4 52. Nd3 Re4 53.
Ne5 Ke8 54. Rg3 Ne7 55. Rg7 fxe5 56. Rgxe7+ Kd8 57. dxe5 Rc6 58. Rbd7+ Kc8 59.
Rxd5 Rc7 60. Re6 Rb7 61. Rd4 Re2 62. Re8+ Kc7 63. e6 1-0

[Event "Pardubice Open A"]
[Site "?"]
[Date "2015.07.24"]
[Round "1.40"]
[White "KRATOCHVIL, Josef"]
[Black "CERNOUSEK, Lukas"]
[Result "0-1"]
[WhiteElo "2214"]
[BlackElo "2455"]
[PlyCount "70"]
[EventDate "2015.??.??"]
[WhiteClock "0:02:06"]
[BlackClock "0:08:57"]

1. e4 c6 2. c4 d5 3. exd5 cxd5 4. cxd5 Nf6 5. Qa4+ Nbd7 6. Nc3 g6 7. Nf3 Bg7 8.
Bc4 O-O 9. d3 a6 10. Qa3 b6 11. O-O Bb7 12. Re1 Re8 13. Ng5 Rc8 14. d6 e6 15.
Bf4 b5 16. Bb3 Nc5 17. Rad1 Nh5 18. Be3 Nxb3 19. axb3 f5 20. Bc1 Qd7 21. d4 Bf8
22. Qa5 Bxd6 23. b4 Rc4 24. d5 Bxb4 25. Qb6 Bc5 26. Qa5 exd5 27. Rxe8+ Qxe8 28.
b3 Rd4 29. Be3 Rxd1+ 30. Nxd1 Bxe3 31. Nxe3 Qd7 32. Nc2 d4 33. Qd2 d3 34. Nb4
a5 35. Qxd3 Qe7 0-1

[Event "Pardubice Open A"]
[Site "?"]
[Date "2015.07.24"]
[Round "1.41"]
[White "SIMACEK, Pavel"]
[Black "MANIGK, Sebastian"]
[Result "1-0"]
[WhiteElo "2454"]
[BlackElo "2214"]
[PlyCount "149"]
[EventDate "2015.??.??"]
[WhiteClock "0:03:21"]
[BlackClock "0:01:02"]

1. e4 c5 2. Nf3 e6 3. d4 cxd4 4. Nxd4 Nc6 5. Nc3 Qc7 6. Ndb5 Qb8 7. Be3 a6 8.
Bb6 axb5 9. Nxb5 Bb4+ 10. c3 Ba5 11. Nc7+ Qxc7 12. Bxc7 Bxc7 13. Qg4 Be5 14. f4
Nf6 15. Qf3 Bc7 16. e5 Nd5 17. Bc4 Nde7 18. O-O-O O-O 19. Kb1 f6 20. exf6 Rxf6
21. g3 Ne5 22. Qh5 Nxc4 23. Qe8+ Rf8 24. Qxe7 Bd8 25. Qc5 Na5 26. h4 b6 27. Qd4
Rf7 28. Rhe1 Nc6 29. Qe3 Bc7 30. h5 h6 31. Qe2 Ba6 32. Qg4 Re8 33. Qg6 Bc8 34.
Rd2 Ref8 35. Qe4 d5 36. Qe2 Na5 37. b3 Nb7 38. c4 Nc5 39. cxd5 exd5 40. Rxd5
Bf5+ 41. Rxf5 Rxf5 42. b4 Na4 43. Qc2 Bxf4 44. Qxa4 Bg5 45. Re8 R5f6 46. Qa8
Rxe8 47. Qxe8+ Kh7 48. Qe4+ Kg8 49. a4 Kf7 50. Qb7+ Kf8 51. Qc8+ Kf7 52. Qc7+
Kf8 53. Qe5 Kf7 54. Kc2 Re6 55. Qd5 Ke7 56. Qb7+ Kf6 57. Kd3 Re3+ 58. Kc4 Re6
59. Qd7 Be3 60. Qd8+ Kf7 61. Kd5 Rf6 62. Qd7+ Kf8 63. Ke5 Bf2 64. Qd3 Kf7 65.
Qb3+ Kf8 66. a5 bxa5 67. bxa5 Bg1 68. a6 Bf2 69. a7 Bxa7 70. Qa3+ Kg8 71. Qxa7
Kh8 72. Qd4 Rf8 73. Ke6 Kg8 74. Qd5 Rf6+ 75. Ke5+ 1-0

[Event "Pardubice Open A"]
[Site "?"]
[Date "2015.07.24"]
[Round "1.42"]
[White "DORST, Johannes"]
[Black "VOKAC, Marek"]
[Result "0-1"]
[WhiteElo "2207"]
[BlackElo "2453"]
[PlyCount "114"]
[EventDate "2015.??.??"]
[WhiteClock "0:00:50"]
[BlackClock "0:31:00"]

1. e4 g6 2. d4 Bg7 3. Nc3 d6 4. Nf3 a6 5. a4 b6 6. Bc4 e6 7. O-O Ne7 8. Re1 h6
9. Bf4 Nd7 10. Qd2 Bb7 11. Rad1 g5 12. Bg3 Ng6 13. h3 O-O 14. Qe2 Qe7 15. Nh2
Rfd8 16. Ng4 h5 17. Ne3 Nf4 18. Qd2 c5 19. d5 Ne5 20. Be2 Qf6 21. Nc4 Nxc4 22.
Bxc4 e5 23. Be2 Qg6 24. Qe3 Bc8 25. Bxf4 exf4 26. Qf3 g4 27. hxg4 hxg4 28. Qxf4
Be5 29. Qe3 Kg7 30. g3 Re8 31. Kg2 Qf6 32. Bd3 Bd7 33. Rh1 Bd4 34. Qf4 Qxf4 35.
gxf4 Bxc3 36. bxc3 c4 37. Bxc4 Rxe4 38. Rd4 Rxd4 39. cxd4 Bxa4 40. Ra1 Bxc2 41.
Rxa6 Be4+ 42. Kg3 Rxa6 43. Bxa6 f5 44. Bc4 Kg6 45. Kh4 Kh6 46. Kg3 Kh5 47. Kh2
Kh4 48. Kg1 g3 49. Be2 Bxd5 50. f3 b5 51. Kg2 Bc4 52. Bd1 Bd3 53. Bb3 Be2 54.
Bd5 b4 55. Kg1 Bd1 56. Kg2 b3 57. Be6 Bc2 0-1

[Event "Pardubice Open A"]
[Site "?"]
[Date "2015.07.24"]
[Round "1.43"]
[White "WESTERBERG, Jonathan"]
[Black "KUEGEL, Tobias"]
[Result "1-0"]
[WhiteElo "2452"]
[BlackElo "2207"]
[PlyCount "107"]
[EventDate "2015.??.??"]
[WhiteClock "0:19:27"]
[BlackClock "0:14:51"]

1. e4 e5 2. Nf3 Nc6 3. Bc4 Bc5 4. c3 Nf6 5. d4 exd4 6. cxd4 Bb4+ 7. Bd2 Bxd2+
8. Nbxd2 d5 9. exd5 Nxd5 10. Qb3 Na5 11. Qa4+ Nc6 12. Qb3 Na5 13. Qa4+ Nc6 14.
Bb5 O-O 15. Bxc6 bxc6 16. O-O Ne7 17. Rfe1 Be6 18. Rac1 Bd5 19. Ne5 Ng6 20. Ne4
Re8 21. Nc3 Qf6 22. Nxd5 cxd5 23. Nd7 Rxe1+ 24. Rxe1 Qd6 25. g3 h6 26. Nc5 Qf6
27. Nb3 Nf8 28. Qa5 Qd6 29. Re5 c6 30. Qc5 Qf6 31. Re3 Nd7 32. Qc2 Rb8 33. Qe2
g6 34. Qa6 Ra8 35. Qb7 Nb6 36. Kg2 Qd6 37. Nc5 Rf8 38. b3 Nc8 39. Nd7 Rd8 40.
Ne5 Ne7 41. Qxa7 f6 42. Nf3 Nf5 43. Re2 g5 44. g4 Ng7 45. Re7 Ne6 46. h3 Rf8
47. Rh7 Nf4+ 48. Kf1 Ne6 49. Rxh6 Rf7 50. Rh8+ Kxh8 51. Qxf7 Nf4 52. h4 gxh4
53. Nxh4 Qe6 54. Ng6+ 1-0

[Event "Pardubice Open A"]
[Site "?"]
[Date "2015.07.24"]
[Round "1.44"]
[White "KLECKER, Tadeas"]
[Black "GOLUBOV, Saveliy"]
[Result "0-1"]
[WhiteElo "2206"]
[BlackElo "2446"]
[PlyCount "90"]
[EventDate "2015.??.??"]
[WhiteClock "0:25:58"]
[BlackClock "0:46:53"]

1. d4 Nf6 2. c4 g6 3. Nc3 Bg7 4. e4 d6 5. Be2 O-O 6. Bg5 Na6 7. Qd2 c5 8. d5
Nc7 9. Nf3 e5 10. dxe6 Nxe6 11. Bh4 Qa5 12. O-O Re8 13. Bg3 Nd4 14. Rfe1 Bg4
15. Qd3 Bxf3 16. Bxf3 Nd7 17. Be2 a6 18. Qd2 Be5 19. Rad1 Bxg3 20. hxg3 Ne5 21.
g4 b5 22. b3 bxc4 23. Nd5 Qxd2 24. Rxd2 Reb8 25. bxc4 Ra7 26. g5 Rab7 27. f4
Nec6 28. Bd3 Kg7 29. e5 dxe5 30. fxe5 Rb2 31. Rxb2 Rxb2 32. Nc3 Ne6 33. Be4
Nxe5 34. Bd5 Nd3 35. Re3 Ndf4 36. g3 Nh3+ 37. Kf1 Nhxg5 38. g4 Kf6 39. Ke1 Rh2
40. Bb7 a5 41. Nd5+ Kg7 42. Ra3 Nd4 43. Rxa5 Ne4 44. Kf1 Nf3 45. Nf6 Ned2# 0-1

[Event "Pardubice Open A"]
[Site "?"]
[Date "2015.07.24"]
[Round "1.45"]
[White "DAS, Sayantan"]
[Black "GOKERKAN, Cem Kaan"]
[Result "1-0"]
[WhiteElo "2444"]
[BlackElo "2205"]
[PlyCount "39"]
[EventDate "2015.??.??"]
[WhiteClock "1:00:37"]
[BlackClock "0:48:41"]

1. e4 c5 2. Nf3 d6 3. d4 cxd4 4. Nxd4 Nf6 5. Nc3 a6 6. Bg5 e6 7. f4 Be7 8. Qf3
h6 9. Bh4 Nbd7 10. O-O-O Qc7 11. Be2 Rb8 12. Qg3 g5 13. fxg5 Rg8 14. Nxe6 fxe6
15. gxf6 Nxf6 16. Bh5+ Kd7 17. Qf3 Rf8 18. e5 Nxh5 19. exd6 Bxd6 20. Qxf8 1-0

[Event "Pardubice Open A"]
[Site "?"]
[Date "2015.07.24"]
[Round "1.46"]
[White "WIEBE, Patrick"]
[Black "DEAC, Bogdan-Daniel"]
[Result "1-0"]
[WhiteElo "2205"]
[BlackElo "2443"]
[PlyCount "119"]
[EventDate "2015.??.??"]
[WhiteClock "0:12:42"]
[BlackClock "0:10:30"]

1. c4 d6 2. g3 g6 3. Bg2 Bg7 4. Nc3 c5 5. a3 Nc6 6. d3 e6 7. Rb1 Nge7 8. h4 h6
9. Bd2 d5 10. cxd5 exd5 11. Nh3 d4 12. Na4 b6 13. Nf4 Bf5 14. b4 c4 15. dxc4
Bxb1 16. Qxb1 Rc8 17. Nb2 Ne5 18. Qa2 O-O 19. O-O Qd6 20. Nfd3 Nf5 21. c5 bxc5
22. Nxc5 Qe7 23. Nbd3 Ng4 24. Bf3 Nf6 25. Nf4 Kh8 26. Kg2 Rfe8 27. Rd1 h5 28.
Qb1 Nd6 29. Nce6 Nc4 30. Nxg7 Kxg7 31. Bc1 Red8 32. Qb3 Ne4 33. Nd3 Nc3 34. Re1
Ne5 35. Nxe5 Qxe5 36. Bf4 Qe7 37. Qb2 f6 38. Qd2 Rd7 39. Kh2 Qe6 40. Qd3 Qc4
41. g4 hxg4 42. Bxg4 Qxd3 43. exd3 f5 44. Bf3 Kf7 45. Re5 Re7 46. Ra5 Nb1 47.
Bd5+ Ke8 48. Bg5 Rec7 49. Be6 Rc3 50. Rxa7 R3c7 51. Ra5 Rc3 52. Re5 Rb8 53.
Bxf5+ Kf8 54. Bxg6 Nxa3 55. h5 Ra8 56. Be4 Rb8 57. h6 Rc7 58. h7 Kg7 59. Bf4
Kh8 60. Rh5 1-0

[Event "Pardubice Open A"]
[Site "?"]
[Date "2015.07.24"]
[Round "1.47"]
[White "MALAKHOV, Igor"]
[Black "DRORI, Saar"]
[Result "1-0"]
[WhiteElo "2440"]
[BlackElo "2203"]
[PlyCount "105"]
[EventDate "2015.??.??"]
[WhiteClock "0:34:36"]
[BlackClock "0:15:27"]

1. e4 c5 2. Nf3 d6 3. d4 cxd4 4. Nxd4 Nf6 5. Nc3 a6 6. h3 e6 7. g4 Nfd7 8. Bg2
Be7 9. O-O Nc6 10. Be3 O-O 11. f4 Qc7 12. a4 Nxd4 13. Qxd4 Bf6 14. Qd3 Nb6 15.
g5 Bxc3 16. bxc3 Nc4 17. Bf2 Bd7 18. f5 Ne5 19. Qg3 exf5 20. exf5 Bxf5 21. Rab1
Bc8 22. Rfd1 Rb8 23. Ba7 Ra8 24. Bd4 Rb8 25. Ba7 Ra8 26. Bb6 Qe7 27. Rb4 Bf5
28. Rd2 Rac8 29. Bf2 Nc6 30. Rb1 Rfd8 31. Qf4 Bg6 32. h4 Ne5 33. Rxb7 Qe6 34.
Bd4 Rb8 35. Ra7 Rb1+ 36. Kh2 Nc4 37. Rf2 a5 38. Qf3 Ne5 39. Bxe5 Qxe5+ 40. Qf4
Re1 41. Qxe5 Rxe5 42. c4 Rde8 43. Bd5 Re2 44. Kg3 Rxf2 45. Kxf2 Kf8 46. Rxa5
Bxc2 47. Ra7 Bg6 48. a5 Rb8 49. Ra8 Rxa8 50. Bxa8 Ke7 51. a6 Kd8 52. a7 Kc7 53.
Bd5 1-0

[Event "Pardubice Open A"]
[Site "?"]
[Date "2015.07.24"]
[Round "1.48"]
[White "KOLOLLI, Kevin"]
[Black "KOLOSOWSKI, Mateusz"]
[Result "1/2-1/2"]
[WhiteElo "2203"]
[BlackElo "2437"]
[PlyCount "107"]
[EventDate "2015.??.??"]
[WhiteClock "1:15:08"]
[BlackClock "0:06:38"]

1. e4 e5 2. Nf3 Nc6 3. Bc4 Nf6 4. d4 exd4 5. O-O Nxe4 6. Re1 d5 7. Bxd5 Qxd5 8.
Nc3 Qh5 9. Nxe4 Be6 10. Bg5 Bd6 11. Nxd6+ cxd6 12. Bf4 Qd5 13. c3 Kd7 14. Nxd4
Nxd4 15. cxd4 g5 16. Be3 h5 17. Qa4+ b5 18. Qa5 Rhb8 19. Rac1 Rb7 20. Re2 h4
21. h3 g4 22. hxg4 Bxg4 23. Rec2 Rg8 24. Rc7+ Rxc7 25. Qxc7+ Ke6 26. Re1 Kf6
27. Bf4 Be6 28. f3 Qxd4+ 29. Be3 Qxb2 30. Bf2 h3 31. g4 h2+ 32. Kg2 Rh8 33.
Qxd6 h1=Q+ 34. Rxh1 Rxh1 35. Qd4+ Qxd4 36. Bxd4+ Kg5 37. Be3+ Kh4 38. Bf2+ Kg5
39. Be3+ Kf6 40. Bd4+ Ke7 41. Kxh1 a6 42. a3 Kd6 43. Kg2 Kd5 44. Bb6 Kc4 45.
Kg3 Kb3 46. Bc5 a5 47. f4 b4 48. axb4 axb4 49. f5 Bd5 50. g5 Kc3 51. Be7 b3 52.
g6 fxg6 53. fxg6 Kc2 54. Bf6 1/2-1/2

[Event "Pardubice Open A"]
[Site "?"]
[Date "2015.07.24"]
[Round "1.49"]
[White "), Nitzan"]
[Black "GERGEL, Vladimir P"]
[Result "1-0"]
[WhiteElo "2435"]
[BlackElo "2202"]
[PlyCount "95"]
[EventDate "2015.??.??"]
[WhiteClock "0:28:58"]
[BlackClock "0:07:59"]

1. e4 e5 2. Nf3 Nc6 3. Bb5 a6 4. Ba4 Nf6 5. O-O b5 6. Bb3 Bc5 7. Nc3 d6 8. Nd5
Bb7 9. c3 Nxd5 10. Bxd5 Qe7 11. a4 O-O 12. d4 Bb6 13. Bg5 Qe8 14. Nh4 Kh8 15.
Nf5 f6 16. Be3 exd4 17. cxd4 Rb8 18. Qg4 Qg6 19. Qe2 Nd8 20. Bxb7 Rxb7 21. axb5
axb5 22. d5 Qe8 23. Bxb6 Rxb6 24. Rfc1 g6 25. Nd4 c5 26. dxc6 Nxc6 27. Nxb5 Qb8
28. Rab1 Rxb5 29. Rxc6 d5 30. exd5 Rxd5 31. g3 Kg7 32. b4 Rb5 33. Qc4 Rf7 34.
Rb3 Rfb7 35. Rc8 Qd6 36. Qg8+ Kh6 37. Rd8 Qe7 38. Re8 Qd6 39. Rd8 Qe7 40. Re8
Qd6 41. Re4 Rxb4 42. Rh4+ Rxh4 43. Rxb7 Rd4 44. Qxh7+ Kg5 45. h4+ Kf5 46. h5
Rd1+ 47. Kh2 Qd5 48. Qxg6+ 1-0

[Event "Pardubice Open A"]
[Site "?"]
[Date "2015.07.24"]
[Round "1.50"]
[White "YAKIMENKO, Alexander A"]
[Black "SUNDARARAJAN, Kidambi"]
[Result "0-1"]
[WhiteElo "2202"]
[BlackElo "2433"]
[PlyCount "62"]
[EventDate "2015.??.??"]
[WhiteClock "0:04:59"]
[BlackClock "0:20:37"]

1. d4 d5 2. Nf3 Nf6 3. c4 c6 4. e3 e6 5. Nc3 Nbd7 6. Qc2 Bd6 7. h3 O-O 8. Bd3
dxc4 9. Bxc4 b5 10. Bd3 Bb7 11. O-O b4 12. Na4 c5 13. dxc5 Rc8 14. Qe2 Bxf3 15.
gxf3 Nxc5 16. Nxc5 Rxc5 17. Rd1 Rh5 18. Bd2 Rxh3 19. Qf1 Rh5 20. f4 e5 21. Be2
Rh6 22. f5 Rh4 23. Be1 Qe7 24. Qg2 e4 25. Rd4 Rh2 26. Qf1 Nd5 27. f6 Qxf6 28.
Rxe4 Qh6 29. f3 Rh1+ 30. Kf2 Bg3+ 31. Kxg3 Qh2+ 0-1

[Event "Pardubice Open A"]
[Site "?"]
[Date "2015.07.24"]
[Round "1.51"]
[White "LUGOVSKOY, Maxim"]
[Black "SHILOV, Sergej"]
[Result "0-1"]
[WhiteElo "2432"]
[BlackElo "2201"]
[PlyCount "88"]
[EventDate "2015.??.??"]
[WhiteClock "0:26:37"]
[BlackClock "0:05:59"]

1. f4 c5 2. Nf3 Nc6 3. g3 g6 4. Bg2 Bg7 5. e4 d6 6. O-O e6 7. d3 Nge7 8. c3 O-O
9. Na3 Rb8 10. Nc2 b5 11. g4 f5 12. g5 b4 13. c4 a5 14. h4 a4 15. h5 a3 16. Rb1
axb2 17. Bxb2 Bxb2 18. Rxb2 fxe4 19. Nh4 d5 20. hxg6 Nxg6 21. Nxg6 hxg6 22. Ne3
Nd4 23. Ng4 e3 24. Nxe3 dxc4 25. Be4 c3 26. Rh2 Nf5 27. Bxf5 exf5 28. Rf3 Be6
29. Rh6 Kg7 30. Rfh3 Bg8 31. Qf3 Rb6 32. Qh1 Qd4 33. Rh8 Kf7 34. Qg2 Re8 35.
Kf2 c2 36. Qh1 Rbe6 37. R3h7+ Bxh7 38. Qxh7+ Qg7 39. Qxg7+ Kxg7 40. Rxe8 Rxe8
41. Nxc2 Ra8 42. Ke2 Rxa2 43. Kd1 b3 44. Ne3 Ra1+ 0-1